Administración de recursos humanos (Registro nro. 14644)

Detalles MARC
000 -CABECERA
Longitud fija campo de control 00905nam a22002417a 4500
003 - IDENTIFICADOR DELl NÚMERO DE CONTROL
Identificador del número de control OSt
005 - FECHA Y HORA DE LA ÚLTIMA TRANSACCIÓN
Fecha y hora de la última transacción 20141014213002.0
008 - CÓDIGOS DE INFORMACIÓN DE LONGITUD FIJA
Códigos de información de longitud fija 141014b xxu||||| |||| 00| 0 eng d
020 ## - NÚMERO INTERNACIONAL NORMALIZADO PARA LIBROS
Número Internacional Normalizado para Libros (ISBN) 978-607-442-285-6
040 ## - FUENTE DE LA CATALOGACIÓN
Centro transcriptor BMC
082 ## - NÚMERO DE LA CLASIFICACIÓN DECIMAL DEWEY
Númeroo de clasificación 658.3
100 1# - PUNTO DE ACCESO PRINCIPAL-NOMBRE DE PERSONA
Nombre de persona Dessler, Gary
9 (RLIN) 11266
245 10 - MENCIÓN DE TÍTULO
Título Administración de recursos humanos
Mención de responsabilidad, etc. Gary Dessler ; traducción, Leticia Esther Pineda Ayala; revisión técnica, Ricardo Varela Juárez, Christina Huerta Sobrino, José Luis Rodríguez Tepezano.
250 ## - MENCIÓN DE EDICIÓN
Mención de edición 11ª ed
260 ## - PUBLICACIÓN, DISTRIBUCIÓN, ETC. (PIE DE IMPRENTA)
Lugar de publicación, distribución, etc. México D.F. [etc.]
Nombre del editor, distribuidor, etc. Pearson Educación
Fecha de publicación, distribución, etc. 2009
300 ## - DESCRIPCIÓN FÍSICA
Extensión XXVIII, 801 p.
Dimensiones 27 cm.
650 24 - PUNTO DE ACCESO ADICIONAL DE MATERIA - TÉRMINO DE MATERIA
Término de materia o nombre geográfico como elemento inicial Gestión de recursos humanos
9 (RLIN) 5702
700 1# - PUNTO DE ACCESO ADICIONAL - NOMBRE DE PERSONA
9 (RLIN) 5262
Nombre de persona Pineda Ayala, Leticia Esther
700 1# - PUNTO DE ACCESO ADICIONAL - NOMBRE DE PERSONA
9 (RLIN) 20992
Nombre de persona Varela Juárez, Ricardo Alfredo
700 1# - PUNTO DE ACCESO ADICIONAL - NOMBRE DE PERSONA
9 (RLIN) 8530
Nombre de persona Rodriguez Tepezano, José Luís
700 1# - PUNTO DE ACCESO ADICIONAL - NOMBRE DE PERSONA
9 (RLIN) 26653
Nombre de persona Huerta Sobrino, María Cristina
942 ## - ENTRADA DE ELEMENTOS AGREGADOS (KOHA)
Fuente de clasificaión o esquema Dewey Decimal Classification
Koha [por defecto] tipo de item 1- Monografias
Parte de clasificación ahoj
Existencias
Suprimido Perdido Fuente de clasificación o esquema Estropeado Restricciones de uso No para préstamo Código de colección Localización permanente Localización actual Localización en estanter&íacute;as Fecha adquisición Fuente de adquisición Número de inventario Préstamos totales Renovaciones totales Signatura completa Código de barras Fecha última consulta Fecha último préstamo Fecha del precio de reemplazo Tipo de item de Koha
NULL NULL Dewey Decimal Classification NULL Prestable NULL NULL Biblioteca Centro Regional de Ilobasco Biblioteca Centro Regional de Ilobasco Sala Principal 10/04/2010 UNICAES LI001883 2   658.3 DES adm 1038436 09/06/2025 09/06/2025 28/09/2016 1- Monografias
NULL NULL Dewey Decimal Classification NULL Prestable NULL NULL Biblioteca Centro Regional de Ilobasco Biblioteca Centro Regional de Ilobasco Sala Principal 10/04/2010 UNICAES LI002562 1   658.3 DES adm 1039242 18/05/2021 18/01/2021 27/10/2016 1- Monografias
NULL NULL Dewey Decimal Classification NULL Prestable NULL NULL Biblioteca Centro Regional de Ilobasco Biblioteca Centro Regional de Ilobasco Sala Principal 01/04/2010 CRI LI002635 1   658.3 DES adm 1039350 19/07/2023 12/07/2019 01/11/2016 1- Monografias
NULL NULL Dewey Decimal Classification NULL Prestable NULL NULL Biblioteca Miguel de Cervantes - UNICAES Biblioteca Miguel de Cervantes - UNICAES Sala Principal 13/09/2011 Donación - Facultad de Ciencias Empresariales 023104 6 1 658.3 DES adm 1023562 11/03/2019 06/03/2019 15/10/2014 1- Monografias
NULL NULL Dewey Decimal Classification NULL Prestable NULL NULL Biblioteca Miguel de Cervantes - UNICAES Biblioteca Miguel de Cervantes - UNICAES Sala Principal 03/12/2014 Donación - Facultad de Ciencias Empresariales 025442 5   658.3 DES adm 1025852 02/05/2019 30/04/2019 03/12/2014 1- Monografias
NULL NULL Dewey Decimal Classification NULL Prestable NULL NULL Biblioteca Miguel de Cervantes - UNICAES Biblioteca Miguel de Cervantes - UNICAES Sala Principal 03/12/2014 Donación - Facultad de Ciencias Empresariales 025443 3 1 658.3 DES adm 1025853 08/03/2019 06/03/2019 03/12/2014 1- Monografias
NULL NULL Dewey Decimal Classification NULL Prestable NULL NULL Biblioteca Miguel de Cervantes - UNICAES Biblioteca Miguel de Cervantes - UNICAES Sala Principal 03/12/2014 Donación - Facultad de Ciencias Empresariales 025444 5 1 658.3 DES adm 1025854 06/05/2019 03/05/2019 03/12/2014 1- Monografias
NULL NULL Dewey Decimal Classification NULL Prestable NULL NULL Biblioteca Miguel de Cervantes - UNICAES Biblioteca Miguel de Cervantes - UNICAES Sala Principal 16/01/2015 Donación - Facultad de Ciencias Empresariales 026910 9   658.3 DES adm 1027320 29/03/2019 28/03/2019 19/01/2015 1- Monografias
NULL NULL Dewey Decimal Classification NULL Prestable NULL NULL Biblioteca Miguel de Cervantes - UNICAES Biblioteca Miguel de Cervantes - UNICAES Sala Principal 16/01/2015 Donación - Facultad de Ciencias Empresariales 026911 5   658.3 DES adm 1027321 23/05/2019 23/05/2019 19/01/2015 1- Monografias
NULL NULL Dewey Decimal Classification NULL Prestable NULL NULL Biblioteca Miguel de Cervantes - UNICAES Biblioteca Miguel de Cervantes - UNICAES Sala Principal 19/01/2015 Donación - Facultad de Ciencias Empresariales 026912 1   658.3 DES adm 1027322 09/03/2019 08/03/2019 19/01/2015 1- Monografias